000 00520nam a2200193 4500
003 OSt
005 20260530115323.0
008 260520b |||||||| |||| 00| 0 spa d
040 _aICI
_bspa
_cICI
_erda
050 _aNK1390
_b.A15
100 1 _aTroconi, Giovanny
_eautor
_934725
245 _aa! Diseño
264 _aMéxico
_bRevista a! Diseño
_c2002
300 _avolúmenes :
_bilustraciones
336 _2rdacontent
_atexto
337 _2rdamedia
_asin medio
338 _2rdacarrier
_avolumen
942 _2lcc
_n1
_cBK
999 _c13875
_d13875